| 000 | 00887cam a2200253 i 4500 | ||
|---|---|---|---|
| 999 |
_c330194 _d330194 |
||
| 001 | 2263860 | ||
| 003 | NUST | ||
| 005 | 20170613120046.0 | ||
| 008 | 780914s1980 enka b 001 0 eng | ||
| 010 | _a 78011371 | ||
| 020 |
_a0521224950. _a0521295254 |
||
| 040 |
_aDLC _cDLC _dDLC |
||
| 050 | 0 | 0 |
_aQH545.S49 _bW44 |
| 082 | 0 | 0 | _a574.5263 WEL |
| 100 | 1 |
_aWelch, E. B. _q(Eugene B.) _92541 |
|
| 245 | 1 | 0 |
_aEcological effects of waste water / _cE.B. Welch ; with hydrographic characteristics by T. Lindell. |
| 260 |
_aCambridge [Eng.] ; _aNew York : _bCambridge University Press, _c1980. |
||
| 300 |
_axii, 337 p. : _bill. ; _c24 cm. |
||
| 500 | _aIncludes index. | ||
| 501 | _aH.B | ||
| 504 | _aBibliography: p. [310]-327. | ||
| 650 | 0 |
_aSewage _xEnvironmental aspects. _92542 |
|
| 700 | 1 |
_aLindell, T. _92543 |
|
| 906 |
_a7 _bcbc _corignew _d1 _eocip _f19 _gy-gencatlg |
||
| 942 |
_2ddc _cBK _kIESE |
||